00468nam a2200145Ia 4500008004100000020001800041082001400059100002100073245003500094260000900129500003100138942000700169952013100176999001500307260604s9999 xx 000 0 und d a9781412979474 a001.4 NEU aNEUENDORF935123 0aTHE CONTENT ANALYSIS GUIDEBOOK bSAGE aResearch, Content Analysis cBK 00104070aIIMVbIIMVcLOCKERd2026-06-04g16378.50l0o001.4 NEUp003500r2026-06-04 10:18:05v16378.50w2026-06-04yBKBNEU c7882d7882